000 01006cam a2200217 4500
001 ABS65536
008 020527n2002 000 0 eng u
035 _a(Sirsi) u118153
245 _aStatutory notices and fatal errors
260 _c2002
490 _aCommercial Property
_v4(5/6) 4-6(3)
520 _aConsiders the Court of Appeal's judgment in three cases, which sets out how to approach whether errors invalidate statutory notices and the application to each of the three cases. The three cases are "Ravenseft v Hall", "White v Chubb" and "Kasseer v Freeman". Also considers earlier case law and the effect of the decision on the rent increases problem. The judgment shows that a more flexible and purposive approach is being adopted.
590 _aABS
650 _aRAVENSEFT PROPERTIES LTD V HALL
650 _aWHITE V CHUBB
650 _aKASSEER V FREEMAN
650 _aSTATUTORY NOTICES
650 _aRENT INCREASES
690 _aLANDLORD AND TENANT-BUSINESS TENANCIES
942 _n0
999 _c70362
_d70362